Chicken soup for the soul : (Record no. 10241)

MARC details
000 -LEADER
fixed length control field 00896nam a22002297a 4500
003 - CONTROL NUMBER IDENTIFIER
control field OSt
005 - DATE AND TIME OF LATEST TRANSACTION
control field 20260505011831.0
008 - FIXED-LENGTH DATA ELEMENTS--GENERAL INFORMATION
fixed length control field 260505b |||||||| |||| 00| 0 eng d
020 ## - INTERNATIONAL STANDARD BOOK NUMBER
International Standard Book Number 9781623610746
040 ## - CATALOGING SOURCE
Original cataloging agency DWCL Main Lib.
Transcribing agency OC
082 ## - DEWEY DECIMAL CLASSIFICATION NUMBER
Classification number Prof. 306.7 C532c 2008
100 ## - MAIN ENTRY--PERSONAL NAME
Personal name Canfield, jack
Relator term Compiler
245 ## - TITLE STATEMENT
Title Chicken soup for the soul :
Remainder of title love stories : stories of first dates, soul mates, and everlasting love /
Statement of responsibility, etc. Jack Canfield, Mark Victor Hansen, and Peter Vegso
260 ## - PUBLICATION, DISTRIBUTION, ETC.
Place of publication, distribution, etc. Deerfield Beach, FL :
Name of publisher, distributor, etc. Backlist, LLC, a unit of Chicken Soup for the Soul Publishing, LLC,
Date of publication, distribution, etc. c2008
300 ## - PHYSICAL DESCRIPTION
Extent xiii , 285 pages :
Other physical details illustrations ;
Dimensions 21 cm.
650 ## - SUBJECT ADDED ENTRY--TOPICAL TERM
Topical term or geographic name entry element 1. Man-woman relationships -- Anecdotes.
650 ## - SUBJECT ADDED ENTRY--TOPICAL TERM
Topical term or geographic name entry element 2. Love -- Anecdotes.
650 ## - SUBJECT ADDED ENTRY--TOPICAL TERM
Topical term or geographic name entry element 3. Anecdotes.
700 ## - ADDED ENTRY--PERSONAL NAME
Personal name I. Hansen, Mark Victor
Relator term Compiler
700 ## - ADDED ENTRY--PERSONAL NAME
Personal name II. Vegso, Peter
Relator term Compiler
942 ## - ADDED ENTRY ELEMENTS (KOHA)
Source of classification or shelving scheme Dewey Decimal Classification
Koha item type Professional Collections
Suppress in OPAC No
952 ## - LOCATION AND ITEM INFORMATION (KOHA)
--
Holdings
Withdrawn status Lost status Source of classification or shelving scheme Damaged status Not for loan Home library Current library Shelving location Date acquired Source of acquisition Cost, normal purchase price Total Checkouts Full call number Barcode Date last seen Copy number Price effective from Koha item type Uniform Resource Identifier
    Dewey Decimal Classification     Junior High School Library Junior High School Library Professional 09/19/2016 Library Fund 565.00   Prof. 306.7 C532c 2008 JHS - 19053 05/05/2026 c1 05/05/2026 PROF.